Zac Brown Band- As She's Walking Away Lyrics - Statistics

General Stats
  • This quiz has been taken 20 times
  • The average score is 156 of 191
Answer Stats
Answer % Correct
a
100%
And
100%
and
100%
as
100%
As
100%
away
100%
fall
100%
I
100%
in
100%
she
100%
she's
100%
the
100%
to
100%
To
100%
walking
100%
what
100%
you
100%
You
100%
your
100%
don't
92%
Don't
92%
face
92%
heart
92%
her
92%
it
92%
love
92%
my
92%
say
92%
tell
92%
We
92%
we
92%
won't
92%
day
83%
falling
83%
go
83%
got
83%
have
83%
I'm
83%
may
83%
mouth
83%
Now
83%
on
83%
one
83%
should
83%
that
83%
were
83%
When
83%
about
75%
be
75%
but
75%
chance
75%
From
75%
know
75%
live
75%
lost
75%
me
75%
mind
75%
missed
75%
this
75%
thought
75%
another
67%
battle
67%
couldn't
67%
did
67%
fight
67%
If
67%
let
67%
might
67%
Son
67%
son
67%
across
58%
down
58%
Give
58%
had
58%
never
58%
of
58%
regret
58%
spoke
58%
standing
58%
take
58%
word
58%
Ask
50%
blame
50%
dance
50%
dice
50%
even
50%
faith
50%
find
50%
foolish
50%
guess
50%
heard
50%
man
50%
more
50%
name
50%
next
50%
place
50%
pride's
50%
Roll
50%
room
50%
some
50%
Wise
50%
words
50%
dreams
42%
every
42%
move
42%
chase
33%
No matching quizzes found
Score Distribution
Percent of People with Each Score
Percentile by Number Answered
Your Score History
You have not taken this quiz